Znani Włosi - Statystyki

Ogólne statystyki
  • Ten quiz został rozwiązany 337 razy
  • Średni wynik to 10 z 22
Statystyki odpowiedzi
Wskazówka Włosi % Poprawnych
Namalował "Mona Lisa" Leonardo da Vinci
99%
Do Nowego Świata popłynął w 1492 r Krzysztof Kolumb
90%
Malował Kaplicę Sykstyńską Michał Anioł
82%
Faszystowski dyktator Benito Mussolini
81%
Kompozytor „Czterech pór roku”. Antonio Vivaldi
80%
Zmarł w podczas id marcowych Juliusz Cezar
67%
Autor „Boskiej komedii” Dante Alighieri
57%
Wenecjanin, który udał się do Chin Marco Polo
57%
Podatny na skandale miliarder i trzykrotny premier Silvio Berlusconi
48%
Pierwszy cesarz rzymski Oktawian August
43%
Projektant, który jest znany z projektowania garniturów męskich Giorgio Armani
39%
Jeden z Trzech Tenorów Luciano Pavarotti
38%
Twórca map, który nazwał 2 kontynenty Amerigo Vespucci
34%
Wynalazca radia Guglielmo Marconi
29%
Aktorka i symbol seksu kto zagrał w „Ślubie po włosku” Sophia Loren
26%
Pierwszy król współczesnych Włoch Wiktor Emmanuel II
24%
Pisarz, który powiedział koniec uzasadnić środki Niccolo Machiavelli
22%
Malarz cherubinów i „Szkoła Ateńska” Raphael Santi
17%
Odkrywca czterech największych księżycy Jowisza Galileo Galilei
14%
„Wspaniały” władca Florencji Wawrzyniec Wspaniały
11%
Pomógł się rozwinąć pierwszy reaktor jądrowy Enrico Fermi
7%
reżyser „Życie jest piękne”. Roberto Benigni
6%
Nie znaleziono quizów pasujących do podanych kryteriów
Rozkład punktacji
Procent ludzi z każdym wynikiem
Percentyl według liczby udzielonych odpowiedzi
Twoja historia wyników
Nie rozwiązałeś tego quizu